Times por Escudo - La Liga 25/26 - Statistics

Estatísticas Gerais
  • Esse quiz foi jogado 103 vezes
  • A pontuação média é 17 de 20
Estatísticas das Respostas
Imagem Resposta % Correto
Atlético de Madrid
96%
Barcelona
96%
Real Betis
96%
Real Madrid
95%
Real Sociedad
94%
Valencia
94%
Celta de Vigo
90%
Sevilla
90%
Getafe
86%
Villarreal
85%
Rayo Vallecano
83%
Espanyol
80%
Levante
80%
Girona
79%
Osasuna
79%
Alavés
78%
Athletic Club
73%
Elche
70%
Real Mallorca
69%
Real Oviedo
60%
Nenhum quiz correspondente encontrado
Distribuição das Pontuações
Porcentagem de Pessoas com Cada Pontuação
Percentil de Números Respondidos
Sua Pontuação Histórica
Você não jogou esse quiz